Poprad juh, Bytový dom Merťuky

Na minha lista:
Detalhes bibliográficos
Autor principal: Bobko, Martin (Author)
Outros Autores: Petro, Marek (Thesis advisor)
Formato: Manuscrito Livro
Idioma:eslovaco
Publicado em: 2022
Assuntos:
Acesso em linha:http://is.stuba.sk/zp/portal_zp.pl?podrobnosti=166073
https://opac.crzp.sk/?fn=detailBiblioForm&sid=D9F0BB0A8DA9926981A490D31B33
Tags: Adicionar Tag
Sem tags, seja o primeiro a adicionar uma tag!

MARC

LEADER 00000ntm a22000003a 4500
001 stuzp90905
003 SK-STU
005 20230424141516.9
007 ta
008 150427s2015----xo-----f-mn---000-0-slo-d
040 |a STU  |b slo 
041 0 |a slo 
100 1 |a Bobko, Martin  |u 010270  |4 aut  |U SvF Stavebná fakulta  |T SvF Katedra technológie stavieb  |X 87469  |U V270  |Y 28  |7 87469 
242 0 1 |a Poprad juh, Apartment building Mertuky  |y eng 
245 1 0 |a Poprad juh, Bytový dom Merťuky 
260 |c 2022 
650 4 |a bytový dom  |2 slo 
650 4 |a sadrové omietky  |2 slo 
650 4 |a BOZP  |2 slo 
650 4 |a gypsum plaster  |2 eng 
650 4 |a occupational health and safety  |2 eng 
650 4 |a residential building  |2 eng 
700 1 |a Petro, Marek  |u 010270  |k Z1  |4 ths  |U SvF Stavebná fakulta  |T SvF Katedra technológie stavieb  |X 18958  |U V270  |Y 28  |7 A000018958 
856 4 |u http://is.stuba.sk/zp/portal_zp.pl?podrobnosti=166073 
856 4 |u https://opac.crzp.sk/?fn=detailBiblioForm&sid=D9F0BB0A8DA9926981A490D31B33